[Event "Kadettlandskamp NOR-SWE A 2018"]
[Site "NTG, Bærum, Norway"]
[Date "2018.12.16"]
[Round "11.3"]
[White "Söderström, Adrian"]
[Black "Vestby-Ellingsen, Mads"]
[Result "1/2-1/2"]
[BlackTitle "FM"]
[WhiteFideId "1745786"]
[BlackFideId "1520857"]
[WhiteElo "1949"]
[BlackElo "2009"]

1. d4 {[%clk 00:15:15]} {[%emt 00:00:05]} Nf6 {[%clk 00:15:17]} {[%emt
00:00:03]} 2. c4 {[%clk 00:15:23]} {[%emt 00:00:01]} e6 {[%clk 00:15:25]}
{[%emt 00:00:03]} 3. Nf3 {[%clk 00:15:31]} {[%emt 00:00:02]} d5 {[%clk
00:15:33]} {[%emt 00:00:02]} 4. Nc3 {[%clk 00:15:40]} {[%emt 00:00:01]} c6
{[%clk 00:15:41]} {[%emt 00:00:02]} 5. cxd5 {[%clk 00:15:23]} {[%emt 00:00:26]}
exd5 {[%clk 00:15:45]} {[%emt 00:00:06]} 6. Bg5 {[%clk 00:15:31]} {[%emt
00:00:02]} Be7 {[%clk 00:15:45]} {[%emt 00:00:10]} 7. Qc2 {[%clk 00:15:24]}
{[%emt 00:00:18]} Nh5 {[%clk 00:15:11]} {[%emt 00:00:43]} 8. Bxe7 {[%clk
00:15:18]} {[%emt 00:00:17]} Qxe7 {[%clk 00:15:18]} {[%emt 00:00:02]} 9. Nxd5
{[%clk 00:15:13]} {[%emt 00:00:17]} Qd6 {[%clk 00:14:45]} {[%emt 00:00:42]} 10.
Nc3 {[%clk 00:15:06]} {[%emt 00:00:16]} O-O {[%clk 00:14:38]} {[%emt 00:00:17]}
11. e3 {[%clk 00:15:14]} {[%emt 00:00:02]} g6 {[%clk 00:14:44]} {[%emt
00:00:05]} 12. Be2 {[%clk 00:15:11]} {[%emt 00:00:13]} Bf5 {[%clk 00:13:46]}
{[%emt 00:01:08]} 13. e4 {[%clk 00:15:03]} {[%emt 00:00:19]} Bg4 {[%clk
00:13:48]} {[%emt 00:00:07]} 14. O-O {[%clk 00:14:29]} {[%emt 00:00:44]} Nf4
{[%clk 00:11:31]} {[%emt 00:02:27]} 15. Rad1 {[%clk 00:13:54]} {[%emt
00:00:45]} Nd7 {[%clk 00:10:49]} {[%emt 00:00:52]} 16. e5 {[%clk 00:13:20]}
{[%emt 00:00:44]} Qe7 {[%clk 00:10:41]} {[%emt 00:00:18]} 17. Qe4 {[%clk
00:13:02]} {[%emt 00:00:28]} Nxe2+ {[%clk 00:10:45]} {[%emt 00:00:06]} 18. Qxe2
{[%clk 00:12:57]} {[%emt 00:00:15]} f6 {[%clk 00:09:57]} {[%emt 00:00:58]} 19.
h3 {[%clk 00:09:03]} {[%emt 00:04:04]} Bxf3 {[%clk 00:09:47]} {[%emt 00:00:18]}
20. Qxf3 {[%clk 00:09:12]} {[%emt 00:00:03]} fxe5 {[%clk 00:09:44]} {[%emt
00:00:13]} 21. Qe2 {[%clk 00:09:20]} {[%emt 00:00:02]} Rae8 {[%clk 00:09:12]}
{[%emt 00:00:42]} 22. Rfe1 {[%clk 00:09:00]} {[%emt 00:00:30]} Qf7 {[%clk
00:08:39]} {[%emt 00:00:42]} 23. dxe5 {[%clk 00:08:16]} {[%emt 00:00:55]} Rxe5
{[%clk 00:06:53]} {[%emt 00:01:56]} 24. Qd2 {[%clk 00:07:55]} {[%emt 00:00:30]}
Rxe1+ {[%clk 00:06:49]} {[%emt 00:00:15]} 25. Rxe1 {[%clk 00:08:01]} {[%emt
00:00:04]} Nf6 {[%clk 00:06:44]} {[%emt 00:00:15]} 26. Re3 {[%clk 00:06:51]}
{[%emt 00:01:20]} Re8 {[%clk 00:06:16]} {[%emt 00:00:39]} 27. Qd4 {[%clk
00:06:03]} {[%emt 00:00:58]} Rxe3 {[%clk 00:05:56]} {[%emt 00:00:29]} 28. Qxe3
{[%clk 00:06:11]} {[%emt 00:00:02]} b6 {[%clk 00:06:04]} {[%emt 00:00:02]} 29.
a3 {[%clk 00:05:32]} {[%emt 00:00:49]} Qd7 {[%clk 00:05:31]} {[%emt 00:00:41]}
30. Qf4 {[%clk 00:05:04]} {[%emt 00:00:39]} Kg7 {[%clk 00:04:31]} {[%emt
00:01:10]} 31. Kh2 {[%clk 00:04:51]} {[%emt 00:00:23]} Qe7 {[%clk 00:04:30]}
{[%emt 00:00:11]} 32. Qd4 {[%clk 00:03:43]} {[%emt 00:01:19]} Qe6 {[%clk
00:03:45]} {[%emt 00:00:54]} 33. Qf4 {[%clk 00:03:34]} {[%emt 00:00:19]} Qf7
{[%clk 00:02:59]} {[%emt 00:00:56]} 34. Qe5 {[%clk 00:03:29]} {[%emt 00:00:14]}
Kg8 {[%clk 00:02:12]} {[%emt 00:00:58]} 35. Qb8+ {[%clk 00:03:15]} {[%emt
00:00:25]} Kg7 {[%clk 00:02:20]} {[%emt 00:00:02]} 36. Qe5 {[%clk 00:03:23]}
{[%emt 00:00:01]} Qe8 {[%clk 00:01:42]} {[%emt 00:00:47]} 37. Qc7+ {[%clk
00:03:17]} {[%emt 00:00:17]} Qd7 {[%clk 00:01:49]} {[%emt 00:00:03]} 38. Qe5
{[%clk 00:03:20]} {[%emt 00:00:07]} Kf7 {[%clk 00:01:57]} {[%emt 00:00:03]} 39.
Ne4 {[%clk 00:02:51]} {[%emt 00:00:39]} Nxe4 {[%clk 00:01:57]} {[%emt
00:00:10]} 40. Qxe4 {[%clk 00:02:59]} {[%emt 00:00:01]} Qd6+ {[%clk 00:02:03]}
{[%emt 00:00:04]} 41. g3 {[%clk 00:02:31]} {[%emt 00:00:37]} Qf6 {[%clk
00:02:05]} {[%emt 00:00:09]} 42. Qe2 {[%clk 00:02:13]} {[%emt 00:00:28]} c5
{[%emt 00:01:11]} 43. Kg2 {[%emt 00:01:06]} Qc6+ {[%clk 00:00:33]} 44. Kh2
{[%clk 00:01:33]} {[%emt 00:00:35]} Qd5 {[%emt 00:00:36]} 45. Qa6 {[%emt
00:00:16]} Qd7 {[%emt 00:00:14]} 46. Qc4+ {[%emt 00:00:12]} Kg7 {[%emt
00:00:12]} 47. Qf4 {[%emt 00:00:16]} Qf7 {[%emt 00:00:29]} 48. Qe5+ {[%clk
00:00:53]} Qf6 {[%emt 00:00:05]} 49. Qe2 {[%emt 00:00:16]} h5 {[%emt 00:00:12]}
50. h4 {[%clk 00:00:56]} {[%emt 00:00:04]} Kf7 {[%clk 00:00:17]} {[%emt
00:00:10]} 51. Kg2 {[%clk 00:00:57]} {[%emt 00:00:09]} Qd4 {[%clk 00:00:15]}
{[%emt 00:00:12]} 52. Qf3+ {[%clk 00:00:53]} {[%emt 00:00:15]} Ke6 {[%clk
00:00:19]} {[%emt 00:00:06]} 53. Qc6+ {[%clk 00:00:58]} {[%emt 00:00:05]} Qd6
{[%clk 00:00:13]} {[%emt 00:00:15]} 54. Qe4+ {[%clk 00:01:04]} {[%emt
00:00:03]} Kf6 {[%clk 00:00:11]} {[%emt 00:00:13]} 55. Qf3+ {[%clk 00:01:02]}
{[%emt 00:00:12]} Ke6 {[%clk 00:00:13]} {[%emt 00:00:09]} 56. Qe4+ {[%clk
00:01:10]} {[%emt 00:00:02]} Kf6 {[%clk 00:00:16]} {[%emt 00:00:07]} 57. Qf3+
{[%clk 00:01:11]} {[%emt 00:00:09]} Ke6 {[%clk 00:00:23]} {[%emt 00:00:03]} 58.
Qe4+ {[%clk 00:01:20]} 1/2-1/2

[Event "Kadettlandskamp NOR-SWE A 2018"]
[Site "NTG, Bærum, Norway"]
[Date "2018.12.16"]
[Round "11.4"]
[White "Jönsson, Jacob"]
[Black "Sjøberg, Isak"]
[Result "1-0"]
[WhiteFideId "1726315"]
[WhiteElo "1724"]
[BlackElo "2019"]

1. d4 {[%clk 00:15:18]} {[%emt 00:00:02]} Nf6 {[%clk 00:15:10]} {[%emt
00:00:09]} 2. c4 {[%clk 00:15:26]} {[%emt 00:00:02]} c5 {[%clk 00:15:15]}
{[%emt 00:00:05]} 3. d5 {[%clk 00:15:35]} {[%emt 00:00:02]} e6 {[%clk
00:15:24]} 4. Nc3 {[%clk 00:15:44]} {[%emt 00:00:01]} exd5 {[%clk 00:15:33]}
{[%emt 00:00:01]} 5. cxd5 {[%clk 00:15:53]} {[%emt 00:00:02]} d6 {[%clk
00:15:41]} 6. Nf3 {[%clk 00:16:01]} {[%emt 00:00:01]} g6 {[%clk 00:15:50]}
{[%emt 00:00:02]} 7. Nd2 {[%clk 00:16:10]} Bg7 {[%clk 00:15:58]} {[%emt
00:00:02]} 8. e4 {[%clk 00:16:19]} {[%emt 00:00:01]} O-O {[%clk 00:16:05]}
{[%emt 00:00:03]} 9. Be2 {[%clk 00:16:28]} {[%emt 00:00:02]} Re8 {[%clk
00:16:07]} {[%emt 00:00:07]} 10. O-O {[%clk 00:16:33]} {[%emt 00:00:04]} b6
{[%clk 00:16:13]} {[%emt 00:00:04]} 11. Re1 {[%clk 00:16:16]} {[%emt 00:00:28]}
Ba6 {[%clk 00:15:29]} {[%emt 00:00:53]} 12. a4 {[%clk 00:16:21]} {[%emt
00:00:06]} Qe7 {[%clk 00:15:07]} {[%emt 00:00:32]} 13. Ra3 {[%clk 00:15:27]}
{[%emt 00:01:04]} Bxe2 {[%clk 00:15:04]} {[%emt 00:00:13]} 14. Qxe2 {[%clk
00:15:34]} {[%emt 00:00:02]} Nbd7 {[%clk 00:15:13]} {[%emt 00:00:02]} 15. Nc4
{[%clk 00:15:39]} {[%emt 00:00:06]} a6 {[%clk 00:15:15]} {[%emt 00:00:07]} 16.
Bf4 {[%clk 00:15:42]} {[%emt 00:00:07]} Ne5 {[%clk 00:15:13]} {[%emt 00:00:12]}
17. Nxb6 {[%clk 00:15:48]} {[%emt 00:00:04]} Rab8 {[%clk 00:15:17]} {[%emt
00:00:05]} 18. a5 {[%clk 00:15:50]} {[%emt 00:00:08]} Nh5 {[%clk 00:15:18]}
{[%emt 00:00:10]} 19. Bxe5 {[%clk 00:15:49]} {[%emt 00:00:11]} Bxe5 {[%clk
00:15:14]} {[%emt 00:00:14]} 20. Qxa6 {[%clk 00:15:52]} {[%emt 00:00:07]} f5
{[%clk 00:13:20]} {[%emt 00:02:04]} 21. Qf1 {[%clk 00:15:04]} {[%emt 00:00:58]}
f4 {[%clk 00:12:53]} {[%emt 00:00:37]} 22. Nc4 {[%clk 00:13:56]} {[%emt
00:01:18]} Bd4 {[%clk 00:12:52]} {[%emt 00:00:11]} 23. a6 {[%clk 00:13:39]}
{[%emt 00:00:27]} Qh4 {[%clk 00:12:41]} {[%emt 00:00:22]} 24. Ne2 {[%clk
00:12:00]} {[%emt 00:01:48]} Bxb2 {[%clk 00:11:11]} {[%emt 00:01:40]} 25. Nxb2
{[%clk 00:11:57]} {[%emt 00:00:13]} Rxb2 {[%clk 00:11:20]} {[%emt 00:00:02]} 26.
a7 {[%clk 00:11:28]} {[%emt 00:00:39]} Ra8 {[%clk 00:11:27]} {[%emt 00:00:01]}
27. Rb1 {[%clk 00:10:51]} {[%emt 00:00:47]} Qf6 {[%clk 00:11:26]} {[%emt
00:00:12]} 28. Qc1 {[%clk 00:10:11]} {[%emt 00:00:50]} Rb4 {[%clk 00:09:57]}
{[%emt 00:01:39]} 29. f3 {[%clk 00:09:21]} {[%emt 00:01:00]} Qg7 {[%clk
00:09:32]} {[%emt 00:00:35]} 30. Rxb4 {[%clk 00:09:05]} {[%emt 00:00:27]} cxb4
{[%clk 00:09:40]} {[%emt 00:00:01]} 31. Qc6 {[%clk 00:09:00]} {[%emt 00:00:15]}
Qf8 {[%clk 00:09:32]} {[%emt 00:00:18]} 32. Ra1 {[%clk 00:08:30]} {[%emt
00:00:41]} b3 {[%clk 00:09:31]} {[%emt 00:00:11]} 33. Qb7 {[%clk 00:08:19]}
{[%emt 00:00:20]} Qd8 {[%clk 00:08:53]} {[%emt 00:00:48]} 34. Nd4 {[%clk
00:07:52]} {[%emt 00:00:37]} b2 {[%clk 00:07:12]} {[%emt 00:01:52]} 35. Qxb2
{[%clk 00:07:59]} {[%emt 00:00:03]} Qc7 {[%clk 00:07:20]} {[%emt 00:00:01]} 36.
Nc6 {[%clk 00:08:08]} {[%emt 00:00:02]} Nf6 {[%clk 00:07:24]} {[%emt 00:00:05]}
37. Rb1 {[%clk 00:07:59]} {[%emt 00:00:19]} Nd7 {[%clk 00:07:19]} {[%emt
00:00:15]} 38. Qb7 {[%clk 00:08:04]} {[%emt 00:00:05]} Qxb7 {[%clk 00:07:03]}
{[%emt 00:00:26]} 39. Rxb7 {[%clk 00:08:12]} {[%emt 00:00:02]} Kf7 {[%clk
00:06:59]} {[%emt 00:00:14]} 40. Rxd7+ {[%clk 00:08:20]} {[%emt 00:00:02]} Kf6
{[%clk 00:07:07]} 41. Rb7 {[%clk 00:08:26]} {[%emt 00:00:05]} g5 {[%clk
00:07:12]} {[%emt 00:00:05]} 42. Rb8 {[%clk 00:08:35]} {[%emt 00:00:01]} g4
{[%clk 00:07:21]} 43. Rxa8 {[%clk 00:08:42]} {[%emt 00:00:03]} h5 {[%clk
00:07:28]} {[%emt 00:00:02]} 44. Rf8+ {[%clk 00:08:51]} {[%emt 00:00:02]} Kg5
{[%clk 00:07:34]} {[%emt 00:00:03]} 45. a8=Q {[%clk 00:08:58]} {[%emt
00:00:03]} gxf3 {[%clk 00:07:41]} {[%emt 00:00:04]} 46. Qd8+ {[%clk 00:09:04]}
{[%emt 00:00:04]} Kg4 {[%clk 00:07:49]} {[%emt 00:00:03]} 47. Rg8# {[%clk
00:09:10]} {[%emt 00:00:03]} 1-0

[Event "Kadettlandskamp NOR-SWE A 2018"]
[Site "NTG, Bærum, Norway"]
[Date "2018.12.16"]
[Round "11.5"]
[White "Trost, Edvin"]
[Black "Tryggestad, Andreas"]
[Result "0-1"]
[BlackTitle "FM"]
[WhiteFideId "1729519"]
[BlackFideId "1513338"]
[WhiteElo "1856"]
[BlackElo "2189"]

1. e4 {[%clk 00:15:19]} c5 {[%clk 00:15:20]} {[%emt 00:00:02]} 2. Nf3 {[%clk
00:15:28]} {[%emt 00:00:01]} e6 {[%clk 00:15:27]} {[%emt 00:00:02]} 3. d4
{[%clk 00:15:37]} {[%emt 00:00:01]} cxd4 {[%clk 00:15:37]} {[%emt 00:00:01]} 4.
Nxd4 {[%clk 00:15:46]} {[%emt 00:00:01]} a6 {[%clk 00:15:46]} 5. Nc3 {[%clk
00:15:50]} {[%emt 00:00:06]} b5 {[%clk 00:15:55]} {[%emt 00:00:01]} 6. a3
{[%clk 00:15:51]} {[%emt 00:00:08]} Bb7 {[%clk 00:16:03]} {[%emt 00:00:02]} 7.
Nb3 {[%clk 00:15:58]} {[%emt 00:00:03]} d6 {[%clk 00:16:05]} {[%emt 00:00:08]}
8. Bd3 {[%clk 00:16:06]} {[%emt 00:00:02]} Nf6 {[%clk 00:16:14]} {[%emt
00:00:02]} 9. f4 {[%clk 00:16:11]} {[%emt 00:00:04]} Be7 {[%clk 00:16:19]}
{[%emt 00:00:05]} 10. Qf3 {[%clk 00:16:19]} {[%emt 00:00:03]} O-O {[%clk
00:16:23]} {[%emt 00:00:06]} 11. Be3 {[%clk 00:16:26]} {[%emt 00:00:02]} Nc6
{[%clk 00:16:22]} {[%emt 00:00:11]} 12. O-O {[%clk 00:16:32]} {[%emt 00:00:04]}
Rc8 {[%clk 00:16:30]} {[%emt 00:00:02]} 13. Rae1 {[%clk 00:15:53]} {[%emt
00:00:49]} Na5 {[%clk 00:16:34]} {[%emt 00:00:07]} 14. Nxa5 {[%clk 00:15:52]}
{[%emt 00:00:11]} Qxa5 {[%clk 00:16:43]} {[%emt 00:00:01]} 15. Qh3 {[%clk
00:15:59]} {[%emt 00:00:02]} Rxc3 {[%clk 00:16:26]} {[%emt 00:00:28]} 16. bxc3
{[%clk 00:15:47]} {[%emt 00:00:22]} Bxe4 {[%clk 00:16:34]} {[%emt 00:00:02]} 17.
Bxe4 {[%clk 00:15:46]} {[%emt 00:00:11]} Nxe4 {[%clk 00:16:42]} {[%emt
00:00:02]} 18. Bd4 {[%clk 00:15:52]} {[%emt 00:00:02]} Nc5 {[%clk 00:16:39]}
{[%emt 00:00:15]} 19. f5 {[%clk 00:15:51]} {[%emt 00:00:11]} e5 {[%clk
00:16:46]} {[%emt 00:00:03]} 20. Bxc5 {[%clk 00:15:51]} {[%emt 00:00:10]} dxc5
{[%clk 00:16:54]} 21. Rxe5 {[%clk 00:15:53]} {[%emt 00:00:09]} Bf6 {[%clk
00:17:00]} {[%emt 00:00:04]} 22. Rxc5 {[%clk 00:14:32]} {[%emt 00:01:31]} Qb6
{[%clk 00:15:59]} {[%emt 00:01:11]} 23. Qe3 {[%clk 00:14:31]} {[%emt 00:00:10]}
Bg5 {[%clk 00:15:26]} {[%emt 00:00:43]} 24. Qd4 {[%clk 00:14:18]} {[%emt
00:00:22]} Re8 {[%clk 00:13:54]} {[%emt 00:01:43]} 25. Re5 {[%clk 00:13:55]}
{[%emt 00:00:34]} Rxe5 {[%clk 00:14:01]} {[%emt 00:00:03]} 26. Qxb6 {[%clk
00:13:56]} {[%emt 00:00:08]} Be3+ {[%clk 00:14:09]} {[%emt 00:00:01]} 27. Qxe3
{[%clk 00:13:49]} {[%emt 00:00:18]} Rxe3 {[%clk 00:14:18]} {[%emt 00:00:01]} 28.
Rd1 {[%clk 00:13:19]} {[%emt 00:00:40]} h5 {[%clk 00:14:13]} {[%emt 00:00:15]}
29. Rd8+ {[%clk 00:11:48]} {[%emt 00:01:41]} Kh7 {[%clk 00:14:22]} {[%emt
00:00:01]} 30. Rd6 {[%clk 00:08:55]} {[%emt 00:03:03]} Rxc3 {[%clk 00:11:52]}
{[%emt 00:02:40]} 31. Rxa6 {[%clk 00:08:51]} {[%emt 00:00:15]} Rxc2 {[%clk
00:12:00]} {[%emt 00:00:02]} 32. Ra7 {[%clk 00:08:15]} {[%emt 00:00:46]} f6
{[%clk 00:12:04]} {[%emt 00:00:05]} 33. a4 {[%clk 00:07:55]} {[%emt 00:00:31]}
Ra2 {[%clk 00:09:39]} {[%emt 00:02:34]} 34. a5 {[%clk 00:07:38]} {[%emt
00:00:28]} b4 {[%clk 00:09:29]} {[%emt 00:00:20]} 35. a6 {[%clk 00:07:32]}
{[%emt 00:00:15]} b3 {[%clk 00:08:13]} {[%emt 00:01:26]} 36. Rb7 {[%clk
00:07:38]} {[%emt 00:00:04]} b2 {[%clk 00:08:19]} {[%emt 00:00:04]} 37. a7
{[%clk 00:07:45]} {[%emt 00:00:04]} Ra1+ {[%clk 00:08:23]} {[%emt 00:00:05]} 38.
Kf2 {[%clk 00:07:53]} {[%emt 00:00:02]} Rxa7 {[%clk 00:08:31]} {[%emt
00:00:03]} 39. Rxb2 {[%clk 00:07:54]} {[%emt 00:00:08]} Ra5 {[%clk 00:08:39]}
{[%emt 00:00:02]} 40. Ke3 {[%clk 00:07:27]} {[%emt 00:00:37]} Rxf5 {[%clk
00:08:47]} {[%emt 00:00:02]} 41. h3 {[%clk 00:07:36]} Kh6 {[%clk 00:08:18]}
{[%emt 00:00:38]} 42. g4 {[%clk 00:07:32]} {[%emt 00:00:15]} Rf1 {[%clk
00:08:23]} {[%emt 00:00:05]} 43. Rb5 {[%clk 00:07:13]} {[%emt 00:00:27]} g6
{[%clk 00:08:20]} {[%emt 00:00:15]} 44. gxh5 {[%clk 00:06:38]} {[%emt
00:00:45]} g5 {[%clk 00:07:10]} {[%emt 00:01:19]} 45. h4 {[%clk 00:04:51]}
{[%emt 00:01:57]} g4 {[%clk 00:07:15]} {[%emt 00:00:06]} 46. Ke2 {[%clk
00:04:48]} {[%emt 00:00:13]} Rf3 {[%clk 00:07:14]} {[%emt 00:00:09]} 47. Rb8
{[%clk 00:04:15]} {[%emt 00:00:44]} Kxh5 {[%clk 00:07:17]} {[%emt 00:00:07]} 48.
Rh8+ {[%clk 00:04:23]} {[%emt 00:00:03]} Kg6 {[%clk 00:07:26]} {[%emt
00:00:01]} 49. h5+ {[%clk 00:04:26]} {[%emt 00:00:07]} Kg5 {[%clk 00:07:34]} 50.
h6 {[%clk 00:04:27]} {[%emt 00:00:09]} Rh3 {[%clk 00:06:26]} {[%emt 00:01:18]}
51. h7 {[%clk 00:04:06]} {[%emt 00:00:32]} Kf4 {[%clk 00:06:16]} {[%emt
00:00:20]} 52. Rf8 {[%emt 00:00:16]} Rxh7 {[%clk 00:05:41]} {[%emt 00:00:42]}
53. Rxf6+ {[%clk 00:04:02]} {[%emt 00:00:11]} Kg3 {[%clk 00:05:50]} {[%emt
00:00:01]} 54. Kf1 {[%clk 00:03:20]} {[%emt 00:00:51]} Kh2 {[%clk 00:02:57]}
{[%emt 00:03:04]} 55. Rf2+ {[%clk 00:01:38]} {[%emt 00:01:51]} Kh1 {[%clk
00:03:06]} {[%emt 00:00:01]} 56. Rf5 {[%clk 00:00:13]} {[%emt 00:01:36]} g3
{[%clk 00:03:14]} {[%emt 00:00:02]} 57. Rg5 {[%clk 00:00:13]} {[%emt 00:00:10]}
Rf7+ {[%emt 00:00:04]} 58. Ke2 g2 {[%clk 00:01:34]} {[%emt 00:01:54]} 59. Rh5+
{[%clk 00:00:32]} {[%emt 00:00:01]} Kg1 {[%clk 00:01:44]} 60. Rh6 {[%clk
00:00:28]} {[%emt 00:00:15]} Re7+ {[%clk 00:01:50]} {[%emt 00:00:03]} 61. Kd2
{[%clk 00:00:14]} {[%emt 00:00:24]} Re5 {[%clk 00:00:59]} {[%emt 00:01:02]} 62.
Rh8 {[%clk 00:00:20]} {[%emt 00:00:03]} Kf2 {[%clk 00:01:07]} {[%emt 00:00:03]}
63. Rf8 {[%clk 00:00:27]} {[%emt 00:00:03]} Kg3 {[%clk 00:01:15]} {[%emt
00:00:02]} 64. Rg8+ {[%clk 00:00:33]} {[%emt 00:00:03]} Kf3 {[%clk 00:01:22]}
{[%emt 00:00:03]} 65. Kd3 {[%clk 00:00:28]} {[%emt 00:00:16]} Rd5+ {[%clk
00:01:27]} {[%emt 00:00:05]} 66. Kc4 {[%clk 00:00:29]} {[%emt 00:00:09]} Rd1
{[%clk 00:01:27]} {[%emt 00:00:09]} 67. Rf8+ {[%clk 00:00:34]} {[%emt
00:00:06]} Ke4 {[%clk 00:01:33]} {[%emt 00:00:04]} 68. Re8 {[%clk 00:00:41]}
{[%emt 00:00:03]} Kf5 {[%clk 00:01:41]} {[%emt 00:00:02]} 69. Rf8+ {[%clk
00:00:46]} {[%emt 00:00:04]} Ke6 {[%clk 00:01:50]} 70. Rd8 {[%clk 00:00:55]}
{[%emt 00:00:01]} Rxd8 {[%clk 00:01:57]} {[%emt 00:00:04]} 0-1

[Event "Kadettlandskamp NOR-SWE A 2018"]
[Site "NTG, Bærum, Norway"]
[Date "2018.12.16"]
[Round "11.6"]
[White "Kaasen, Tor Fredrik"]
[Black "Wernberg, Hugo"]
[Result "0-1"]
[WhiteTitle "IM"]
[WhiteFideId "1516647"]
[BlackFideId "1737511"]
[WhiteElo "2106"]
[BlackElo "1796"]

1. d4 {[%clk 00:15:18]} {[%emt 00:00:02]} Nf6 {[%clk 00:15:19]} {[%emt
00:00:02]} 2. c4 {[%clk 00:15:26]} {[%emt 00:00:02]} c5 {[%clk 00:15:27]}
{[%emt 00:00:01]} 3. d5 {[%clk 00:15:34]} {[%emt 00:00:02]} b5 {[%clk
00:15:36]} 4. Qc2 {[%emt 00:00:07]} bxc4 {[%clk 00:15:20]} {[%emt 00:00:20]} 5.
e4 {[%clk 00:15:52]} {[%emt 00:00:01]} d6 {[%clk 00:15:24]} {[%emt 00:00:06]} 6.
Bxc4 {[%clk 00:15:59]} {[%emt 00:00:03]} g6 {[%clk 00:15:23]} {[%emt 00:00:11]}
7. Nc3 {[%clk 00:16:04]} {[%emt 00:00:05]} Bg7 {[%clk 00:15:31]} {[%emt
00:00:02]} 8. Nge2 {[%clk 00:16:05]} {[%emt 00:00:10]} O-O {[%clk 00:15:38]}
{[%emt 00:00:02]} 9. O-O {[%clk 00:16:12]} {[%emt 00:00:03]} Ba6 {[%clk
00:15:42]} {[%emt 00:00:05]} 10. b3 {[%clk 00:16:11]} {[%emt 00:00:12]} Nfd7
{[%clk 00:14:42]} {[%emt 00:01:09]} 11. Bb2 {[%clk 00:16:12]} {[%emt 00:00:10]}
Nb6 {[%clk 00:14:28]} {[%emt 00:00:23]} 12. Bxa6 {[%clk 00:15:58]} {[%emt
00:00:25]} Nxa6 {[%clk 00:14:37]} {[%emt 00:00:01]} 13. a3 {[%clk 00:16:06]}
{[%emt 00:00:02]} Nc7 {[%clk 00:14:39]} {[%emt 00:00:08]} 14. Rad1 {[%clk
00:16:06]} {[%emt 00:00:10]} Qd7 {[%clk 00:13:23]} {[%emt 00:01:26]} 15. f4
{[%clk 00:15:51]} {[%emt 00:00:25]} f5 {[%clk 00:12:32]} {[%emt 00:01:01]} 16.
exf5 {[%clk 00:14:29]} {[%emt 00:01:32]} Qxf5 {[%clk 00:12:32]} {[%emt
00:00:10]} 17. Qd2 {[%clk 00:14:29]} {[%emt 00:00:10]} Rab8 {[%clk 00:11:08]}
{[%emt 00:01:34]} 18. Kh1 {[%clk 00:14:28]} {[%emt 00:00:12]} Nd7 {[%clk
00:10:48]} {[%emt 00:00:29]} 19. Ng3 {[%clk 00:14:16]} {[%emt 00:00:22]} Qf7
{[%clk 00:10:34]} {[%emt 00:00:24]} 20. Qc2 {[%clk 00:14:23]} {[%emt 00:00:04]}
Nf6 {[%clk 00:10:28]} {[%emt 00:00:15]} 21. f5 {[%clk 00:13:36]} {[%emt
00:00:56]} Nfxd5 {[%clk 00:09:01]} {[%emt 00:01:38]} 22. Nxd5 {[%clk 00:12:04]}
{[%emt 00:01:41]} Nxd5 {[%clk 00:09:08]} {[%emt 00:00:03]} 23. fxg6 {[%clk
00:10:19]} {[%emt 00:01:55]} Qxg6 {[%clk 00:08:12]} {[%emt 00:01:07]} 24. Qxg6
{[%clk 00:10:05]} {[%emt 00:00:25]} Rxf1+ {[%clk 00:08:11]} {[%emt 00:00:11]}
25. Nxf1 {[%clk 00:10:08]} {[%emt 00:00:06]} hxg6 {[%clk 00:08:17]} {[%emt
00:00:04]} 26. Bxg7 {[%clk 00:10:08]} {[%emt 00:00:10]} Kxg7 {[%clk 00:08:25]}
{[%emt 00:00:02]} 27. Rxd5 {[%clk 00:10:14]} {[%emt 00:00:05]} Rxb3 {[%clk
00:08:33]} {[%emt 00:00:02]} 28. Kg1 {[%clk 00:10:00]} {[%emt 00:00:24]} Rxa3
{[%clk 00:08:38]} {[%emt 00:00:03]} 29. Kf2 {[%clk 00:10:03]} {[%emt 00:00:08]}
Ra2+ {[%clk 00:08:14]} {[%emt 00:00:33]} 30. Kf3 {[%clk 00:09:22]} {[%emt
00:00:52]} a5 {[%clk 00:08:18]} {[%emt 00:00:06]} 31. Ne3 {[%clk 00:09:22]}
{[%emt 00:00:10]} a4 {[%clk 00:08:14]} {[%emt 00:00:14]} 32. Rd3 {[%clk
00:09:21]} {[%emt 00:00:11]} Rb2 {[%clk 00:07:31]} {[%emt 00:00:53]} 33. Ke4
{[%clk 00:08:21]} {[%emt 00:01:10]} Rb4+ {[%clk 00:05:53]} {[%emt 00:01:48]} 34.
Kd5 {[%clk 00:07:53]} {[%emt 00:00:38]} Rb3 {[%clk 00:05:53]} {[%emt 00:00:11]}
35. Rxb3 {[%clk 00:07:44]} {[%emt 00:00:19]} axb3 {[%clk 00:06:02]} 36. Nd1
{[%clk 00:07:53]} Kf6 {[%clk 00:06:08]} {[%emt 00:00:04]} 37. Kc4 {[%clk
00:08:02]} {[%emt 00:00:02]} Ke5 {[%clk 00:06:09]} {[%emt 00:00:08]} 38. Kxb3
{[%clk 00:08:10]} {[%emt 00:00:02]} d5 {[%clk 00:06:11]} {[%emt 00:00:08]} 39.
Kc3 {[%clk 00:08:09]} {[%emt 00:00:11]} Ke4 {[%clk 00:06:16]} {[%emt 00:00:05]}
40. Kd2 {[%clk 00:08:16]} {[%emt 00:00:03]} e5 {[%clk 00:05:52]} {[%emt
00:00:33]} 41. Nc3+ {[%clk 00:06:33]} {[%emt 00:01:54]} Kd4 {[%clk 00:05:57]}
{[%emt 00:00:06]} 42. Nb5+ {[%clk 00:05:32]} {[%emt 00:01:10]} Kc4 {[%clk
00:05:45]} {[%emt 00:00:22]} 43. Nd6+ {[%clk 00:05:25]} {[%emt 00:00:18]} Kb3
{[%clk 00:05:16]} {[%emt 00:00:38]} 44. Nf7 {[%clk 00:03:19]} {[%emt 00:02:16]}
e4 {[%clk 00:05:17]} {[%emt 00:00:09]} 45. Ne5 {[%clk 00:03:23]} {[%emt
00:00:06]} Kb2 {[%clk 00:05:15]} {[%emt 00:00:12]} 46. Nc6 {[%clk 00:01:57]}
{[%emt 00:01:36]} d4 {[%clk 00:04:30]} {[%emt 00:00:56]} 47. Na5 {[%clk
00:00:55]} {[%emt 00:01:12]} e3 {[%clk 00:03:44]} {[%emt 00:00:56]} 48. Kd3
{[%clk 00:01:02]} {[%emt 00:00:02]} Kc1 {[%clk 00:03:27]} {[%emt 00:00:27]} 49.
Nc4 {[%clk 00:00:30]} {[%emt 00:00:42]} Kd1 {[%clk 00:03:25]} {[%emt 00:00:12]}
50. Nb2+ {[%clk 00:00:15]} {[%emt 00:00:25]} Ke1 {[%clk 00:02:36]} {[%emt
00:00:59]} 51. Nc4 {[%clk 00:00:18]} {[%emt 00:00:07]} Kf2 {[%clk 00:02:35]}
{[%emt 00:00:11]} 52. g4 {[%clk 00:00:28]} e2 {[%clk 00:02:39]} {[%emt
00:00:05]} 0-1